[Event "Rubinstein Memorial-C 54th"]
[Site "Polanica Zdroj"]
[Date "2018.08.22"]
[Round "5"]
[White "Andrushchiak, Maxim"]
[Black "Talik, Patryk"]
[Result "1/2-1/2"]
[WhiteElo "1788"]
[BlackElo "1973"]
[PlyCount "98"]
[EventDate "2018.08.18"]
[EventType "swiss"]
[EventRounds "9"]
[EventCountry "POL"]
[SourceTitle "EXT 2020"]
[Source "ChessBase"]
[SourceDate "2019.10.17"]
[SourceVersion "1"]
[SourceVersionDate "2019.10.17"]
[SourceQuality "1"]

1. d4 d5 2. Nc3 Bf5 3. Bf4 e6 4. e3 Bd6 5. Qd2 Nf6 6. f3 h5 7. Bg5 Be7 8. Bd3 c6 9. Nge2 Bxd3 10. cxd3 Nbd7 11. 0-0 e5 12. Kh1 0-0 13. b3 Re8 14. dxe5 Nxe5 15. Ng3 d4 16. exd4 Qxd4 17. Nf5 Qxd3 18. Qxd3 Nxd3 19. Ne4 Nxe4 20. Nxe7+ Kh7 21. fxe4 f6 22. Bxf6 gxf6 23. Nf5 Rad8 24. Kg1 Rxe4 25. Ng3 Re5 26. Rxf6 h4 27. Nf5 Rde8 28. Rf1 R8e6 29. Rf7+ Kg8 30. Nxh4 Re1 31. h3 Rxf1+ 32. Rxf1 Re2 33. Rd1 Nc5 34. b4 Ne6 35. a3 Re4 36. Nf5 Re5 37. g4 Nf4 38. Kh2 Nd5 39. Kg3 Kh7 40. Rd3 Re1 41. Rf3 Rg1+ 42. Kh4 Kg6 43. Ne3 Nf6 44. Nc4 Re1 45. Nd6 b6 46. Nc4 Re4 47. Ne3 c5 48. bxc5 bxc5 49. Kg3 c4 1/2-1/2

[Event "Rubinstein Memorial-C 54th"]
[Site "Polanica Zdroj"]
[Date "2018.08.21"]
[Round "4"]
[White "Adamczewski, Jedrzej"]
[Black "Andrushchiak, Maxim"]
[Result "0-1"]
[WhiteElo "1930"]
[BlackElo "1788"]
[PlyCount "72"]
[EventDate "2018.08.18"]
[EventType "swiss"]
[EventRounds "9"]
[EventCountry "POL"]
[SourceTitle "EXT 2020"]
[Source "ChessBase"]
[SourceDate "2019.10.17"]
[SourceVersion "1"]
[SourceVersionDate "2019.10.17"]
[SourceQuality "1"]

1. e4 c6 2. d4 d5 3. exd5 cxd5 4. Bd3 Nc6 5. c3 Qc7 6. h3 Bd7 7. Nf3 Nf6 8. 0-0 e6 9. Qe2 0-0-0 10. a4 Bd6 11. Na3 Na5 12. b4 Nb3 13. Rb1 Nxc1 14. Rfxc1 Bf4 15. Nd2 Kb8 16. b5 e5 17. dxe5 Rhe8 18. c4 Rxe5 19. Qd1 Rde8 20. Nf3 R5e7 21. Rc2 Qc5 22. Rb3 d4 23. Nb1 Bc7 24. Nbd2 g5 25. Rb1 g4 26. Nb3 Qd6 27. c5 Qf4 28. Nbxd4 gxf3 29. Nxf3 Re1+ 30. Qxe1 Rxe1+ 31. Rxe1 Qxa4 32. c6 bxc6 33. bxc6 Bxc6 34. Rec1 Bf4 35. Rc4 Bxc1 36. Rxa4 Bxa4 0-1

[Event "Pardubice Czech op-C 29th"]
[Site "Pardubice"]
[Date "2018.07.25"]
[Round "6"]
[White "Andrushchiak, Maxim"]
[Black "Igumnov, Alexandr"]
[Result "0-1"]
[WhiteElo "1737"]
[BlackElo "1926"]
[PlyCount "72"]
[EventDate "2018.07.21"]
[EventType "swiss"]
[EventRounds "9"]
[EventCountry "CZE"]
[SourceTitle "CBM 186 Extra"]
[Source "ChessBase"]
[SourceDate "2018.08.24"]
[SourceVersion "1"]
[SourceVersionDate "2018.08.24"]
[SourceQuality "1"]

1. d4 Nf6 2. Nc3 g6 3. e4 d6 4. Bc4 Bg7 5. Nf3 0-0 6. Bb3 c6 7. h3 b5 8. a3 a5 9. 0-0 e6 10. Bg5 Qb6 11. e5 dxe5 12. dxe5 Nd5 13. Ne4 Nd7 14. Bxd5 exd5 15. Nf6+ Kh8 16. Qd2 Ra6 17. Qf4 c5 18. Nxd5 Qc6 19. Rad1 f6 20. exf6 Nxf6 21. Nxf6 Bxf6 22. Bxf6+ Qxf6 23. Qxf6+ Raxf6 24. Ng5 Rf4 25. f3 Rc4 26. c3 b4 27. Ne4 bxa3 28. b3 Rxe4 29. fxe4 Rxf1+ 30. Rxf1 Be6 31. c4 a4 32. bxa4 Bxc4 33. Ra1 a2 34. a5 Kg7 35. Rxa2 Bxa2 36. a6 Bb1 0-1

[Event "Pardubice Czech op-C 29th"]
[Site "Pardubice"]
[Date "2018.07.24"]
[Round "5"]
[White "Andrushchiak, Maxim"]
[Black "Borovicka, Bohumil"]
[Result "1-0"]
[WhiteElo "1737"]
[BlackElo "1961"]
[PlyCount "43"]
[EventDate "2018.07.21"]
[EventType "swiss"]
[EventRounds "9"]
[EventCountry "CZE"]
[SourceTitle "CBM 186 Extra"]
[Source "ChessBase"]
[SourceDate "2018.08.24"]
[SourceVersion "1"]
[SourceVersionDate "2018.08.24"]
[SourceQuality "1"]

1. d4 d5 2. Nc3 Bf5 3. Bf4 e6 4. e3 Bd6 5. Nge2 Nf6 6. Qd2 a6 7. f3 h6 8. 0-0-0 Nc6 9. Bxd6 cxd6 10. g4 Bg6 11. Nf4 Bh7 12. h4 g5 13. hxg5 hxg5 14. Nh5 Kd7 15. e4 Nxh5 16. Rxh5 dxe4 17. d5 Ne5 18. dxe6+ Kxe6 19. Nxe4 f6 20. Qd5+ Ke7 21. Nxd6 Qc7 22. Bc4 1-0

[Event "Pardubice Czech op-C 28th"]
[Site "Pardubice"]
[Date "2017.07.25"]
[Round "5"]
[White "Andrushchiak, Maxim"]
[Black "Anatskiy, Alexey"]
[Result "1/2-1/2"]
[WhiteElo "1762"]
[BlackElo "1984"]
[PlyCount "93"]
[EventDate "2017.07.22"]
[EventType "swiss"]
[EventRounds "9"]
[EventCountry "CZE"]
[SourceTitle "CBM 179 Extra"]
[Source "ChessBase"]
[SourceDate "2017.08.23"]
[SourceVersion "1"]
[SourceVersionDate "2017.08.23"]
[SourceQuality "1"]

1. e4 c6 2. d4 d5 3. exd5 cxd5 4. c4 e6 5. Nc3 Nf6 6. Nf3 Be7 7. cxd5 Nxd5 8. Bd3 Nc6 9. 0-0 0-0 10. Re1 Ncb4 11. Be4 Nf6 12. Bb1 b6 13. a3 Nbd5 14. Qd3 Nxc3 15. bxc3 Bb7 16. Ng5 g6 17. Qh3 Bd5 18. Qh6 Qc7 19. Re3 Rfe8 20. Nxh7 Ng4 21. Qh3 Nxe3 22. Qxe3 Bd8 23. Qh3 f5 24. Ng5 Bxg5 25. Bxg5 Rac8 26. Bf6 Qh7 27. Qe3 Rc6 28. Ba2 Bxa2 29. Rxa2 Rec8 30. h3 Rxc3 31. Qf4 Rc1+ 32. Kh2 Qf7 33. Be5 Qe7 34. Qh6 Qh7 35. Qg5 R1c6 36. Re2 Rf8 37. d5 Rcc8 38. dxe6 Rfd8 39. Bb2 Rc7 40. Rd2 Rcd7 41. Rxd7 Rxd7 42. exd7 Qxd7 43. Qxg6+ Kf8 44. Qh6+ Kf7 45. Qg7+ Ke6 46. Qe5+ Kf7 47. Qg7+ 1/2-1/2